| 000 | 00391cam a22001337a 4500 | ||
|---|---|---|---|
| 008 | 180718b1999 xxu||||| |||| 00| 0 eng d | ||
| 082 | _aA81x54 91/17DP | ||
| 100 | _aCensus of India 1991 | ||
| 245 | _aMizoram state district profile 1991 | ||
| 260 |
_aDelhi _bThe Controller of Publications _c1999 |
||
| 300 | _a86+p. | ||
| 440 | _aCensus of India 1991. Mizoram. | ||
| 650 | _aMizoram - Census | ||
| 999 |
_c487983 _d487983 |
||